000 02360nam a2200229Ia 4500
999 _c8186
_d8186
005 20250715172925.0
008 230508s9999 xx 000 0 und d
020 _a9992380913
040 _aUPAN
_cBiblioteca San Vicente
_eRCAA2
041 _aspa
082 _a345
_bC592c
_c2001
100 _aLarrauri Pijoan, Elena
_4aut.
245 0 _aCiencias penales./
_bElena Larrauri Pijoan
250 _a1ª ed.
260 _aEl Salvador:
_bEscuela de Capacitaciones Judicial,
_c2001
300 _a520 p.:
_c23 cm.
505 _aCiencias penales. Monografías. Parte I. Capitulo 1. Nociones de criminología y política criminal. Capitulo 2. Teorías criminológicas. Capitulo 3. Propuestas para la prevención del delito. Capitulo 4. Propuestas referidas al sistema de penas. Ciencias penales. Monografías. Parte II Capitulo 1. Teoría jurídica del delito. Capitulo 2. La tipicidad. Capitulo 3. La antijuricidad. Capitulo 4. La culpabilidad. Capitulo 5. La punibilidad. Capitulo 6. iter criminis. Capitulo 7. Autoría y participación. Capitulo 8. Pluralidad de infracciones. Capitulo 9. Circunstancias modificativas de responsabilidad criminal. Segunda Parte: Reglas de determinación de la pena. - La determinación de la pena. Ciencias penales. Monografías. Parte III. Capitulo 1. Consecuencias jurídicas del delito. Capitulo 2. La pena de muerte. Capitulo 3. Las penas privativas de libertad. Capitulo 4. El derecho penitenciario. Capitulo 6. Las penas privativas de derechos. Capitulo 7. La determinación de la pena. Capitulo 8. Las medidas de seguridad. Capitulo 9. La responsabilidad civil. Ciencias penales. Monografías. Parte IV. Capitulo 1. Técnicas en la investigación del delito. Capitulo 2. El indicio. Capitulo 3. Los peritos. Capitulo 4. La inspección ocular. Capitulo 5. La fijación de la escena del delito. Capitulo 6. Identificación personal. Capitulo 7. Lofoscopia y dactiloscopia. Capitulo 8. La balística. Capitulo 9. Documentoscopia. Capitulo 10. La investigación de incendios. Capitulo 11. Acústica forense.
520 _aFundamentos de política criminal--Teoria Juridica del delito--Consecuencias juridicas del delito--Técnicas en la investigación del delito
650 _2LEMB
_aInvestigacion criminal
_93
700 _aTerradillos Basoco, Juan María
_4col.
942 _cBK
_2ddc